| 000 | 00411nam a2200133Ia 4500 | ||
|---|---|---|---|
| 005 | 20260328104307.0 | ||
| 008 | 260328s9999||||xx |||||||||||||| ||und|| | ||
| 100 | _aForero La Rotta, Augusto | ||
| 245 | 0 |
_aEnlaces ciuddad y fiestas : _b aspecto para la comprension de la Ciudad / _cAugusto Forero La Rotta |
|
| 260 | _bUniversidad Católica de Colombia | ||
| 300 | _a135 p. | ||
| 650 | _aCOLOMBIA | ||
| 942 | _cBK | ||
| 999 |
_c10804 _d10804 |
||